000
00313nam a22001337a 4500
008
180903b xxu||||| |||| 00| 0 eng d
020
_a
9781453077498
041
_a
eng
080
_a
038
100
_a
23
101
_a
FJA
245
_a
Webster's Thesaurus of the English Language
_c
Webster, M
942
_2
udc
_c
BK
999
_c
47478
_d
47478